[Event "MCR druzstev mladsich zaku 2016"]
[Site "Hradec Kralove"]
[Date "2016.06.12"]
[Round "5.8"]
[White "Korsinskij (OAZA), Marek"]
[Black "Jirousek (Polabiny A), Jan"]
[Result "1-0"]
[BlackElo "1633"]
[WhiteElo "1450"]
[LiveChessVersion "1.4.8"]

1. e4 {[%clk 0:25:19]} c6 {[%clk 0:25:18]} 2. d4 {[%clk 0:25:24]} d5
{[%clk 0:25:27]} 3. e5 {[%clk 0:25:31]} Bf5 {[%clk 0:25:35]} 4. Nc3
{[%clk 0:25:38]} e6 {[%clk 0:25:37]} 5. Bd3 {[%clk 0:25:27]} Bxd3
{[%clk 0:25:46]} 6. Qxd3 {[%clk 0:25:36]} Qb6 {[%clk 0:25:52]} 7. Bd2
{[%clk 0:25:27]} c5 {[%clk 0:25:28]} 8. Na4 {[%clk 0:25:24]} Qc7 {[%clk 0:25:14]}
9. Qb5+ {[%clk 0:25:12]} Qd7 {[%clk 0:24:41]} 10. Qxd7+ {[%clk 0:24:51]} Nxd7
{[%clk 0:24:44]} 11. Be3 {[%clk 0:24:53]} Rc8 {[%clk 0:24:37]} 12. Nc3
{[%clk 0:24:54]} a6 {[%clk 0:23:26]} 13. Nf3 {[%clk 0:24:45]} cxd4
{[%clk 0:23:19]} 14. Bxd4 {[%clk 0:24:51]} Bc5 {[%clk 0:23:27]} 15. O-O-O
{[%clk 0:24:42]} Bxd4 {[%clk 0:23:25]} 16. Rxd4 {[%clk 0:24:49]} Ne7
{[%clk 0:23:00]} 17. Re1 {[%clk 0:24:24]} O-O {[%clk 0:22:15]} 18. Rg4
{[%clk 0:23:10]} Ng6 {[%clk 0:22:18]} 19. Re3 {[%clk 0:22:36]} Rfd8
{[%clk 0:21:51]} 20. Ne2 {[%clk 0:21:54]} Rc7 {[%clk 0:20:53]} 21. Kb1
{[%clk 0:19:43]} Rdc8 {[%clk 0:20:59]} 22. Ned4 {[%clk 0:19:33]} Nc5
{[%clk 0:19:10]} 23. Nd2 {[%clk 0:18:40]} h6 {[%clk 0:18:23]} 24. Rc3
{[%clk 0:18:10]} Nd7 {[%clk 0:18:16]} 25. Rxc7 {[%clk 0:18:16]} Rxc7
{[%clk 0:18:24]} 26. Nxe6 {[%clk 0:18:19]} Ndxe5 {[%clk 0:15:19]} 27. Rxg6
{[%clk 0:18:11]} fxe6 {[%clk 0:14:45]} 28. Rxe6 {[%clk 0:18:19]} Nc6
{[%clk 0:14:32]} 29. Rd6 {[%clk 0:17:49]} Rf7 {[%clk 0:14:32]} 30. f3
{[%clk 0:17:25]} Re7 {[%clk 0:14:38]} 31. c3 {[%clk 0:17:09]} d4 {[%clk 0:13:54]}
32. Ne4 {[%clk 0:16:28]} dxc3 {[%clk 0:13:46]} 33. bxc3 {[%clk 0:16:31]} Rc7
{[%clk 0:12:46]} 34. Kc2 {[%clk 0:15:22]} Ne7 {[%clk 0:11:34]} 35. g4
{[%clk 0:14:05]} Nc6 {[%clk 0:10:44]} 36. Nd2 {[%clk 0:13:05]} Na7
{[%clk 0:10:34]} 37. a4 {[%clk 0:12:53]} Nc8 {[%clk 0:10:13]} 38. Rd8+
{[%clk 0:13:00]} Kh7 {[%clk 0:10:15]} 39. a5 {[%clk 0:12:14]} Ne7
{[%clk 0:09:55]} 40. Rd6 {[%clk 0:11:12]} Nc6 {[%clk 0:10:02]} 41. Nb3
{[%clk 0:10:57]} Ne5 {[%clk 0:09:46]} 42. Nd4 {[%clk 0:10:44]} Nc4
{[%clk 0:09:19]} 43. Re6 {[%clk 0:10:25]} Nxa5 {[%clk 0:09:11]} 44. Rb6
{[%clk 0:09:03]} Nc4 {[%clk 0:08:23]} 45. Rb4 {[%clk 0:08:48]} Ne3+
{[%clk 0:07:49]} 46. Kd3 {[%clk 0:07:35]} Nd5 {[%clk 0:07:44]} 47. Rb3
{[%clk 0:07:13]} Nf4+ {[%clk 0:06:41]} 48. Ke4 {[%clk 0:07:12]} Ng6
{[%clk 0:06:31]} 49. Ne6 {[%clk 0:06:19]} Re7 {[%clk 0:06:02]} 50. Kd5
{[%clk 0:06:23]} Nh4 {[%clk 0:04:57]} 51. Kd6 {[%clk 0:06:13]} Rf7
{[%clk 0:04:56]} 52. f4 {[%clk 0:06:12]} Nf3 {[%clk 0:04:20]} 53. h3
{[%clk 0:05:52]} Nd2 {[%clk 0:04:12]} 54. Rb4 {[%clk 0:05:44]} b5
{[%clk 0:03:43]} 55. f5 {[%clk 0:05:19]} Nc4+ {[%clk 0:03:36]} 56. Kc6
{[%clk 0:04:55]} Kg8 {[%clk 0:03:15]} 57. Rb1 {[%clk 0:04:13]} a5
{[%clk 0:02:33]} 58. Rxb5 {[%clk 0:02:46]} Ra7 {[%clk 0:02:26]} 59. Rb8+
{[%clk 0:02:30]} Kh7 {[%clk 0:02:16]} 60. Nf8+ {[%clk 0:02:34]} Kg8
{[%clk 0:02:03]} 61. Ng6+ {[%clk 0:02:42]} Kf7 {[%clk 0:02:02]} 62. Rf8#
{[%clk 0:02:50]} 1-0

[Event "MCR druzstev mladsich zaku 2016"]
[Site "Hradec Kralove"]
[Date "2016.06.12"]
[Round "5.9"]
[White "Ret (Polabiny A), Adam Josef"]
[Black "Korsinskij (OAZA), Nikolas"]
[Result "0-1"]
[BlackElo "1440"]
[WhiteElo "1460"]
[LiveChessVersion "1.4.8"]

1. d4 {[%clk 0:25:17]} d5 {[%clk 0:25:19]} 2. c4 {[%clk 0:25:26]} e5
{[%clk 0:25:22]} 3. dxe5 {[%clk 0:24:55]} f6 {[%clk 0:25:18]} 4. exf6
{[%clk 0:24:13]} Nxf6 {[%clk 0:25:25]} 5. cxd5 {[%clk 0:24:15]} Nxd5
{[%clk 0:25:09]} 6. Nc3 {[%clk 0:23:12]} Be6 {[%clk 0:25:14]} 7. Nf3
{[%clk 0:22:38]} Nc6 {[%clk 0:25:13]} 8. Bg5 {[%clk 0:22:02]} Qd7
{[%clk 0:25:00]} 9. e3 {[%clk 0:21:28]} h6 {[%clk 0:25:05]} 10. Bh4
{[%clk 0:21:20]} g5 {[%clk 0:25:11]} 11. Bg3 {[%clk 0:21:16]} O-O-O
{[%clk 0:25:06]} 12. Be5 {[%clk 0:20:40]} Nxe5 {[%clk 0:24:26]} 13. Nxe5
{[%clk 0:20:45]} Qg7 {[%clk 0:24:29]} 14. Nd3 {[%clk 0:20:23]} Nxc3
{[%clk 0:24:29]} 15. Qc2 {[%clk 0:17:18]} Ne4 {[%clk 0:22:30]} 16. f3
{[%clk 0:16:13]} Nf6 {[%clk 0:20:58]} 17. Nf2 {[%clk 0:14:31]} Bb4+
{[%clk 0:20:54]} 18. Ke2 {[%clk 0:11:58]} Rd2+ {[%clk 0:20:52]} 19. Qxd2
{[%clk 0:11:55]} Bxd2 {[%clk 0:20:59]} 20. Kxd2 {[%clk 0:12:04]} Qd7+
{[%clk 0:20:49]} 21. Bd3 {[%clk 0:11:55]} Bc4 {[%clk 0:20:24]} 22. Kc3
{[%clk 0:11:23]} Bxd3 {[%clk 0:20:17]} 23. Nxd3 {[%clk 0:11:25]} Qc6+
{[%clk 0:20:21]} 24. Kd2 {[%clk 0:11:31]} Rd8 {[%clk 0:20:25]} 25. Rac1
{[%clk 0:11:27]} Qb5 {[%clk 0:20:10]} 26. Ke2 {[%clk 0:10:21]} Rxd3
{[%clk 0:19:46]} 27. Kf2 {[%clk 0:10:09]} Qxb2+ {[%clk 0:19:09]} 28. Kg3
{[%clk 0:10:14]} Qe5+ {[%clk 0:18:53]} 29. Kf2 {[%clk 0:10:09]} Qxe3+
{[%clk 0:18:58]} 0-1

[Event "MCR druzstev mladsich zaku 2016"]
[Site "Hradec Kralove"]
[Date "2016.06.12"]
[Round "5.10"]
[White "Svacina (OAZA), Tobias"]
[Black "Pulpan (Polabiny A), Ondrej"]
[Result "1-0"]
[BlackElo "1479"]
[WhiteElo "1490"]
[LiveChessVersion "1.4.8"]

1. e4 {[%clk 0:25:16]} c5 {[%clk 0:25:17]} 2. c4 {[%clk 0:25:24]} d6
{[%clk 0:25:20]} 3. Nc3 {[%clk 0:25:30]} Nf6 {[%clk 0:25:18]} 4. Nf3
{[%clk 0:25:34]} Nc6 {[%clk 0:25:06]} 5. d3 {[%clk 0:25:26]} g6 {[%clk 0:24:48]}
6. g3 {[%clk 0:25:31]} Bg7 {[%clk 0:24:28]} 7. Bg2 {[%clk 0:25:36]} O-O
{[%clk 0:24:27]} 8. O-O {[%clk 0:25:42]} Bg4 {[%clk 0:24:18]} 9. h3
{[%clk 0:25:49]} Bd7 {[%clk 0:22:40]} 10. Be3 {[%clk 0:25:33]} Qc8
{[%clk 0:21:57]} 11. a3 {[%clk 0:25:26]} Bxh3 {[%clk 0:20:22]} 12. Bxh3
{[%clk 0:25:33]} Qxh3 {[%clk 0:20:26]} 13. Nd5 {[%clk 0:25:40]} Qd7
{[%clk 0:19:19]} 14. b4 {[%clk 0:25:01]} Nxd5 {[%clk 0:18:01]} 15. exd5
{[%clk 0:25:06]} Nd8 16. Rb1 {[%clk 0:25:06]} b6 {[%clk 0:16:54]} 17. d4
{[%clk 0:24:50]} Nb7 {[%clk 0:15:42]} 18. Ng5 {[%clk 0:24:20]} Rac8
{[%clk 0:14:33]} 19. Ne4 {[%clk 0:24:15]} Rc7 {[%clk 0:13:29]} 20. Qd3
{[%clk 0:23:31]} Rfc8 {[%clk 0:12:59]} 21. Nd2 {[%clk 0:22:17]} e6
{[%clk 0:12:08]} 22. dxe6 {[%clk 0:22:16]} Qxe6 {[%clk 0:12:13]} 23. Rfe1
{[%clk 0:22:20]} Qd7 24. Re2 {[%clk 0:21:50]} Re8 {[%clk 0:10:55]} 25. Nb3
{[%clk 0:21:24]} Rec8 {[%clk 0:10:01]} 26. Rbe1 {[%clk 0:21:19]} Bf6
{[%clk 0:09:11]} 27. dxc5 {[%clk 0:21:04]} dxc5 {[%clk 0:06:44]} 28. Qxd7
{[%clk 0:21:10]} Rxd7 {[%clk 0:06:47]} 29. bxc5 {[%clk 0:21:19]} bxc5
{[%clk 0:06:37]} 30. Bh6 Rdd8 {[%clk 0:05:37]} 31. a4 {[%clk 0:20:43]} Nd6
{[%clk 0:05:03]} 32. Na5 {[%clk 0:20:24]} Bc3 {[%clk 0:04:28]} 33. Bd2
{[%clk 0:20:32]} Bf6 {[%clk 0:04:04]} 34. Bf4 {[%clk 0:19:07]} Nf5
{[%clk 0:03:50]} 35. Nb7 {[%clk 0:19:07]} Rd7 {[%clk 0:03:41]} 36. Re8+
{[%clk 0:19:15]} Rxe8 {[%clk 0:03:45]} 37. Rxe8+ {[%clk 0:19:24]} Kg7
{[%clk 0:03:46]} 38. Nxc5 {[%clk 0:19:24]} Rc7 {[%clk 0:03:51]} 39. Bxc7
{[%clk 0:19:22]} Bd4 {[%clk 0:03:29]} 40. Be5+ {[%clk 0:19:24]} 1-0

[Event "MCR druzstev mladsich zaku 2016"]
[Site "Hradec Kralove"]
[Date "2016.06.12"]
[Round "5.11"]
[White "Brozka (Polabiny A), Karel"]
[Black "Matej (OAZA), Erik"]
[Result "1-0"]
[BlackElo "1239"]
[WhiteElo "1485"]
[LiveChessVersion "1.4.8"]

1. d4 {[%clk 0:25:17]} d5 {[%clk 0:25:19]} 2. c4 {[%clk 0:25:14]} e6
{[%clk 0:25:27]} 3. Nc3 {[%clk 0:25:13]} Nf6 {[%clk 0:25:35]} 4. Nf3
{[%clk 0:24:57]} Nc6 {[%clk 0:25:43]} 5. Bg5 {[%clk 0:24:57]} Be7
{[%clk 0:25:39]} 6. e3 {[%clk 0:24:39]} O-O {[%clk 0:25:25]} 7. Bd3
{[%clk 0:23:57]} Nb4 {[%clk 0:24:35]} 8. O-O {[%clk 0:22:52]} Nxd3
{[%clk 0:23:36]} 9. Qxd3 {[%clk 0:22:58]} c5 {[%clk 0:23:19]} 10. Bxf6
{[%clk 0:21:50]} Bxf6 {[%clk 0:23:13]} 11. dxc5 {[%clk 0:21:35]} dxc4
{[%clk 0:21:07]} 12. Qxc4 {[%clk 0:21:28]} Be7 {[%clk 0:20:44]} 13. Rfd1
{[%clk 0:21:06]} Qc7 {[%clk 0:20:50]} 14. b4 {[%clk 0:20:29]} b6 {[%clk 0:20:55]}
15. c6 {[%clk 0:20:20]} Bb7 {[%clk 0:20:24]} 16. b5 {[%clk 0:20:22]} a6
{[%clk 0:19:35]} 17. Rd7 {[%clk 0:19:32]} Qc8 {[%clk 0:16:58]} 18. Rxb7
{[%clk 0:19:13]} axb5 {[%clk 0:16:48]} 19. Qxb5 {[%clk 0:18:53]} Bd8
{[%clk 0:16:22]} 20. Ne4 {[%clk 0:17:59]} Ra5 {[%clk 0:16:07]} 21. Qc4
{[%clk 0:17:48]} f5 {[%clk 0:12:44]} 22. Nd6 {[%clk 0:17:49]} Rc5
{[%clk 0:12:31]} 23. Qxc5 {[%clk 0:16:22]} bxc5 {[%clk 0:12:03]} 24. Nxc8
{[%clk 0:16:29]} Bf6 {[%clk 0:12:03]} 25. Ne7+ {[%clk 0:16:24]} Kh8
{[%clk 0:12:01]} 26. Rab1 {[%clk 0:16:18]} Rd8 {[%clk 0:12:04]} 27. Rb8
{[%clk 0:15:42]} Bxe7 {[%clk 0:12:05]} 28. Rxd8+ {[%clk 0:15:50]} Bxd8
{[%clk 0:12:12]} 29. Rb8 {[%clk 0:15:59]} h6 {[%clk 0:12:18]} 30. Rxd8+
{[%clk 0:16:05]} Kh7 {[%clk 0:12:27]} 31. c7 {[%clk 0:15:58]} c4 {[%clk 0:12:33]}
32. c8=R {[%clk 0:15:57]} c3 {[%clk 0:12:42]} 33. Nh4 {[%clk 0:16:01]} c2
{[%clk 0:12:49]} 34. Rh8# {[%clk 0:16:10]} 1-0

[Event "MCR druzstev mladsich zaku 2016"]
[Site "Hradec Kralove"]
[Date "2016.06.12"]
[Round "5.12"]
[White "Palla (OAZA), Marek"]
[Black "Sulcova (Polabiny A), Tereza"]
[Result "1-0"]
[BlackElo "1178"]
[WhiteElo "1310"]
[LiveChessVersion "1.4.8"]

1. e4 {[%clk 0:25:19]} e6 {[%clk 0:25:18]} 2. d4 {[%clk 0:25:27]} d5
{[%clk 0:25:26]} 3. e5 {[%clk 0:25:36]} c5 {[%clk 0:25:35]} 4. c3
{[%clk 0:25:45]} Nc6 {[%clk 0:25:39]} 5. Nf3 {[%clk 0:25:45]} Bd7
{[%clk 0:25:26]} 6. Bb5 {[%clk 0:25:43]} Qb6 {[%clk 0:25:25]} 7. Ba4
{[%clk 0:25:07]} Nh6 {[%clk 0:23:23]} 8. Be3 {[%clk 0:24:44]} Nf5
{[%clk 0:23:25]} 9. O-O {[%clk 0:24:27]} Be7 {[%clk 0:23:00]} 10. Bxc6
{[%clk 0:22:39]} Bxc6 {[%clk 0:23:02]} 11. Qc2 {[%clk 0:21:51]} O-O
{[%clk 0:22:07]} 12. Qb3 {[%clk 0:21:32]} Rfc8 {[%clk 0:20:00]} 13. Qxb6
{[%clk 0:21:32]} axb6 {[%clk 0:20:04]} 14. Rd1 {[%clk 0:21:33]} Bb5
{[%clk 0:19:57]} 15. Na3 {[%clk 0:21:08]} Be2 {[%clk 0:19:53]} 16. Re1
{[%clk 0:20:57]} Bxf3 {[%clk 0:19:53]} 17. gxf3 {[%clk 0:20:54]} Bh4
{[%clk 0:19:54]} 18. Red1 {[%clk 0:20:41]} Nxe3 {[%clk 0:19:12]} 19. fxe3
{[%clk 0:20:43]} f6 {[%clk 0:18:54]} 20. Nb5 {[%clk 0:20:46]} cxd4
{[%clk 0:17:47]} 21. exd4 {[%clk 0:20:44]} Rf8 {[%clk 0:17:29]} 22. Nc7
{[%clk 0:19:38]} Rac8 {[%clk 0:16:29]} 23. Nxe6 {[%clk 0:19:20]} Rf7
{[%clk 0:16:21]} 24. Nf4 {[%clk 0:19:04]} fxe5 {[%clk 0:15:20]} 25. Nxd5
{[%clk 0:18:43]} Rc6 {[%clk 0:15:11]} 26. dxe5 {[%clk 0:18:17]} Rg6+
{[%clk 0:14:45]} 27. Kh1 {[%clk 0:17:57]} Rxf3 {[%clk 0:14:43]} 28. Rd4
{[%clk 0:17:04]} Bg5 {[%clk 0:14:44]} 29. Rg1 {[%clk 0:16:32]} Kf8
{[%clk 0:14:00]} 30. Rdg4 {[%clk 0:16:27]} Rf5 {[%clk 0:13:56]} 31. h4
{[%clk 0:15:07]} Rxe5 {[%clk 0:13:52]} 32. Rxg5 {[%clk 0:14:57]} Rexg5
{[%clk 0:13:32]} 33. Rxg5 {[%clk 0:15:06]} Rh6 {[%clk 0:13:40]} 34. h5
{[%clk 0:15:00]} g6 {[%clk 0:13:46]} 35. Nxb6 {[%clk 0:14:19]} gxh5
{[%clk 0:13:52]} 36. Nd7+ {[%clk 0:14:10]} Ke8 {[%clk 0:13:59]} 37. Ne5
{[%clk 0:13:47]} h4 {[%clk 0:14:04]} 38. Rg8+ {[%clk 0:13:42]} Ke7
{[%clk 0:14:10]} 39. Rg7+ {[%clk 0:13:47]} Kf6 {[%clk 0:14:16]} 40. Rxb7
{[%clk 0:12:49]} Kxe5 {[%clk 0:14:23]} 41. Rb4 {[%clk 0:12:49]} h3
{[%clk 0:14:32]} 42. a4 {[%clk 0:12:45]} Rg6 {[%clk 0:14:28]} 43. a5
{[%clk 0:12:43]} h5 {[%clk 0:14:31]} 44. Ra4 {[%clk 0:12:46]} Kd5
{[%clk 0:14:36]} 45. a6 {[%clk 0:12:55]} Kc6 {[%clk 0:14:45]} 46. a7
{[%clk 0:13:00]} 1-0

[Event "MCR druzstev mladsich zaku 2016"]
[Site "Hradec Kralove"]
[Date "2016.06.12"]
[Round "5.13"]
[White "Kures (Loko Brno), Michael"]
[Black "Neumann (Slavia Orlova), Filip"]
[Result "1/2-1/2"]
[BlackElo "1823"]
[WhiteElo "1633"]
[LiveChessVersion "1.4.8"]

1. d4 {[%clk 0:25:16]} Nf6 {[%clk 0:25:18]} 2. Nc3 {[%clk 0:25:20]} g6
{[%clk 0:25:22]} 3. Bg5 {[%clk 0:25:21]} Bg7 {[%clk 0:25:26]} 4. f4
{[%clk 0:25:27]} d5 {[%clk 0:25:20]} 5. Nf3 {[%clk 0:25:28]} O-O {[%clk 0:25:17]}
6. e3 {[%clk 0:25:36]} c6 {[%clk 0:24:55]} 7. Bd3 {[%clk 0:25:42]} Bf5
{[%clk 0:25:02]} 8. Bxf5 {[%clk 0:25:41]} gxf5 {[%clk 0:25:11]} 9. O-O
{[%clk 0:25:42]} Nbd7 {[%clk 0:24:50]} 10. Ne5 {[%clk 0:25:31]} Ne4
{[%clk 0:22:54]} 11. Bh4 {[%clk 0:25:11]} Ndf6 {[%clk 0:20:02]} 12. Ne2
{[%clk 0:24:14]} Ng4 {[%clk 0:16:29]} 13. Nxg4 {[%clk 0:23:04]} fxg4
{[%clk 0:16:38]} 14. Ng3 {[%clk 0:22:21]} Nxg3 {[%clk 0:16:25]} 15. Bxg3
{[%clk 0:22:26]} f5 {[%clk 0:16:33]} 16. Bh4 {[%clk 0:22:33]} Bf6
{[%clk 0:15:41]} 17. Bxf6 {[%clk 0:22:21]} Rxf6 {[%clk 0:14:56]} 18. g3
{[%clk 0:22:16]} Kg7 {[%clk 0:14:19]} 19. Kf2 {[%clk 0:22:17]} h5
{[%clk 0:13:43]} 20. h4 {[%clk 0:22:11]} Qb6 {[%clk 0:13:14]} 21. Rb1
{[%clk 0:21:34]} Rc8 {[%clk 0:13:18]} 22. c3 {[%clk 0:21:27]} c5 {[%clk 0:12:34]}
23. Qd2 {[%clk 0:21:16]} c4 {[%clk 0:12:12]} 24. b4 {[%clk 0:19:56]} cxb3
{[%clk 0:07:08]} 25. Rxb3 {[%clk 0:20:02]} Qc7 {[%clk 0:07:11]} 26. Rfb1
{[%clk 0:19:19]} b6 {[%clk 0:07:05]} 27. Rc1 {[%clk 0:18:37]} Rc6
{[%clk 0:06:59]} 28. Ke2 {[%clk 0:18:12]} Kf6 {[%clk 0:06:26]} 29. Kd3
{[%clk 0:17:33]} Rc4 {[%clk 0:05:42]} 30. Kc2 {[%clk 0:17:24]} Ra4
{[%clk 0:05:23]} 31. Kb2 {[%clk 0:16:54]} Qc4 {[%clk 0:04:29]} 32. a3
{[%clk 0:15:36]} Ke6 {[%clk 0:03:36]} 33. Qc2 {[%clk 0:15:02]} Kf6
{[%clk 0:03:17]} 34. Rb4 {[%clk 0:14:58]} Rxb4+ {[%clk 0:03:16]} 35. cxb4
{[%clk 0:15:05]} Qxc2+ {[%clk 0:03:24]} 36. Rxc2 {[%clk 0:15:09]} Rc4
{[%clk 0:01:30]} 37. b5 {[%clk 0:13:10]} Ke6 {[%clk 0:01:13]} 38. Kb3
{[%clk 0:12:57]} Rxc2 {[%clk 0:01:18]} 39. Kxc2 {[%clk 0:13:06]} Kd6
{[%clk 0:01:27]} 40. Kb3 {[%clk 0:13:14]} e6 {[%clk 0:01:33]} 41. Kb4
{[%clk 0:13:21]} Kc7 {[%clk 0:01:40]} 42. a4 {[%clk 0:13:30]} Kb7
{[%clk 0:01:49]} 43. Kb3 {[%clk 0:13:06]} 1/2-1/2

[Event "MCR druzstev mladsich zaku 2016"]
[Site "Hradec Kralove"]
[Date "2016.06.12"]
[Round "5.14"]
[White "Sebesta (Slavia Orlova), Jan"]
[Black "Hvozdovic (Loko Brno), Jan"]
[Result "0-1"]
[BlackElo "1600"]
[WhiteElo "1706"]
[LiveChessVersion "1.4.8"]

1. e4 {[%clk 0:25:16]} c5 {[%clk 0:25:18]} 2. c3 {[%clk 0:25:25]} d5
{[%clk 0:25:26]} 3. exd5 {[%clk 0:25:34]} Qxd5 {[%clk 0:25:33]} 4. d4
{[%clk 0:25:42]} Nc6 {[%clk 0:25:36]} 5. Nf3 {[%clk 0:25:51]} Bg4
{[%clk 0:25:39]} 6. Nbd2 {[%clk 0:26:00]} cxd4 {[%clk 0:24:50]} 7. cxd4
{[%clk 0:26:09]} Nf6 {[%clk 0:23:30]} 8. Bc4 {[%clk 0:25:58]} Qd7
{[%clk 0:23:21]} 9. Qb3 {[%clk 0:25:39]} e6 {[%clk 0:23:19]} 10. Ne5
{[%clk 0:25:44]} Qc7 {[%clk 0:17:12]} 11. Bb5 {[%clk 0:25:46]} Bf5
{[%clk 0:16:17]} 12. Qa4 {[%clk 0:25:23]} Rc8 {[%clk 0:15:33]} 13. Qxa7
{[%clk 0:24:46]} Be7 {[%clk 0:15:03]} 14. Bxc6+ {[%clk 0:23:18]} bxc6
{[%clk 0:15:02]} 15. Qxc7 {[%clk 0:22:53]} Rxc7 {[%clk 0:15:10]} 16. Ndc4
{[%clk 0:22:24]} O-O {[%clk 0:14:41]} 17. Bf4 {[%clk 0:22:04]} Nh5
{[%clk 0:13:27]} 18. Bg3 {[%clk 0:20:42]} Nxg3 {[%clk 0:13:06]} 19. hxg3
{[%clk 0:20:46]} Be4 {[%clk 0:12:46]} 20. f3 {[%clk 0:20:29]} Bd5
{[%clk 0:12:33]} 21. Ne3 {[%clk 0:20:17]} Rb8 {[%clk 0:12:13]} 22. b3
{[%clk 0:19:07]} Ra8 {[%clk 0:11:07]} 23. Nxd5 {[%clk 0:18:59]} cxd5
{[%clk 0:11:13]} 24. O-O {[%clk 0:17:31]} f6 {[%clk 0:10:08]} 25. Nd3
{[%clk 0:17:16]} Rc2 {[%clk 0:09:59]} 26. Rf2 {[%clk 0:16:44]} Rc3
{[%clk 0:09:44]} 27. Nf4 {[%clk 0:15:43]} Kf7 {[%clk 0:09:08]} 28. Re2
{[%clk 0:15:35]} Rxb3 {[%clk 0:07:34]} 29. Rae1 {[%clk 0:13:57]} Rb7
{[%clk 0:06:06]} 30. Nxe6 {[%clk 0:12:32]} Ra4 {[%clk 0:05:15]} 31. Rd1
{[%clk 0:10:22]} Rba7 {[%clk 0:04:32]} 32. Rdd2 {[%clk 0:10:01]} Bb4
{[%clk 0:04:24]} 33. Nd8+ {[%clk 0:08:35]} Kg6 {[%clk 0:04:19]} 34. Rc2
{[%clk 0:08:13]} Bd6 {[%clk 0:03:49]} 35. Kf2 {[%clk 0:04:05]} h6
{[%clk 0:03:25]} 36. Ne6 {[%clk 0:03:08]} Kf7 {[%clk 0:02:50]} 37. f4
{[%clk 0:02:13]} Be7 {[%clk 0:02:58]} 38. Rcd2 {[%clk 0:01:26]} Bb4
{[%clk 0:02:56]} 39. Nd8+ {[%clk 0:01:01]} Kg6 {[%clk 0:02:53]} 40. Rc2
{[%clk 0:00:36]} Ba3 {[%clk 0:01:47]} 41. Nc6 {[%clk 0:00:31]} R7a6
{[%clk 0:01:41]} 42. g4 {[%clk 0:00:25]} h5 {[%clk 0:01:29]} 43. gxh5+
{[%clk 0:00:28]} Kxh5 {[%clk 0:01:36]} 44. Nd8 {[%clk 0:00:15]} Rxd4
{[%clk 0:01:13]} 45. Ne6 {[%clk 0:00:12]} Rda4 {[%clk 0:00:43]} 46. g3
{[%clk 0:00:22]} Kg6 {[%clk 0:00:36]} 47. g4 {[%clk 0:00:20]} Re4
{[%clk 0:00:19]} 48. Rxe4 {[%clk 0:00:23]} dxe4 {[%clk 0:00:28]} 49. f5+
{[%clk 0:00:32]} Kh7 {[%clk 0:00:25]} 50. Ke3 {[%clk 0:00:37]} Bd6
{[%clk 0:00:21]} 51. Kxe4 {[%clk 0:00:31]} Be5 {[%clk 0:00:27]} 52. Rd2
{[%clk 0:00:24]} Ra4+ {[%clk 0:00:29]} 53. Kf3 {[%clk 0:00:33]} Ra3+
{[%clk 0:00:36]} 54. Ke4 {[%clk 0:00:17]} Ra4+ {[%clk 0:00:45]} 55. Kf3
{[%clk 0:00:22]} Ra3+ {[%clk 0:00:53]} 56. Kf2 {[%clk 0:00:17]} Rg3
{[%clk 0:00:40]} 57. Rd1 {[%clk 0:00:15]} Rxg4 {[%clk 0:00:37]} 58. Rh1+
{[%clk 0:00:15]} Kg8 {[%clk 0:00:45]} 59. Rg1 {[%clk 0:00:21]} Rxg1
{[%clk 0:00:45]} 60. Kxg1 {[%clk 0:00:31]} Kf7 {[%clk 0:00:47]} 61. Nc5
{[%clk 0:00:35]} Bd4+ {[%clk 0:00:53]} 62. Kg2 Bxc5 {[%clk 0:01:02]} 63. Kf3
{[%clk 0:00:47]} g6 {[%clk 0:01:04]} 64. a4 {[%clk 0:00:54]} g5 {[%clk 0:01:10]}
65. Kg4 {[%clk 0:00:36]} Ke7 {[%clk 0:01:14]} 66. a5 {[%clk 0:00:44]} Kd6
{[%clk 0:01:17]} 0-1

[Event "MCR druzstev mladsich zaku 2016"]
[Site "Hradec Kralove"]
[Date "2016.06.12"]
[Round "5.15"]
[White "Faja (Loko Brno), Vilem"]
[Black "Kijonka (Slavia Orlova), Ondrej"]
[Result "1-0"]
[BlackElo "1500"]
[WhiteElo "1633"]
[LiveChessVersion "1.4.8"]

1. d4 d5 2. c4 e6 3. Nc3 Nf6 4. Bg5 Nbd7 5. Nf3 Be7 6. e3 c6 7. Bd3 O-O 8. O-O b6
9. Qe2 Bb7 10. Rac1 Rc8 11. Rfd1 Qc7 12. cxd5 exd5 13. a3 Rfe8 14. Nb5 Qb8 15.
Bf4 Qa8 16. Nc7 Rxc7 17. Bxc7 Qc8 18. Bg3 Bf8 19. Rc2 Ng4 20. h3 Ngf6 21. Rdc1 c5
22. dxc5 bxc5 23. Qd2 Qd8 24. Bh4 Be7 25. b4 cxb4 26. axb4 Qb6 27. Rb2 Qe6 28.
Rc7 Bc6 29. Rxa7 Bd6 30. b5 Ba8 31. Nd4 Qe7 32. b6 Bc5 33. Bxf6 gxf6 34. Qe2 Bxd4
35. Qg4+ Kh8 36. Qxd4 Rb8 37. Qh4 f5 38. Qxe7 1-0

[Event "MCR druzstev mladsich zaku 2016"]
[Site "Hradec Kralove"]
[Date "2016.06.12"]
[Round "5.16"]
[White "Nedela (Slavia Orlova), Adam"]
[Black "Khadash (Loko Brno), Samuel"]
[Result "1-0"]
[BlackElo "1548"]
[WhiteElo "1468"]
[LiveChessVersion "1.4.8"]

1. Nf3 {[%clk 0:25:15]} c5 {[%clk 0:25:09]} 2. g3 {[%clk 0:25:11]} g6
{[%clk 0:25:18]} 3. Bg2 {[%clk 0:25:16]} Bg7 {[%clk 0:25:26]} 4. O-O
{[%clk 0:25:14]} d6 {[%clk 0:25:35]} 5. Nc3 {[%clk 0:24:22]} Nc6 {[%clk 0:25:36]}
6. e3 {[%clk 0:24:07]} Qd7 {[%clk 0:25:37]} 7. d4 {[%clk 0:23:59]} b6
{[%clk 0:24:18]} 8. b3 {[%clk 0:23:57]} Bb7 9. Bb2 {[%clk 0:23:48]} e6
{[%clk 0:22:54]} 10. Qd2 {[%clk 0:23:16]} Nge7 {[%clk 0:21:56]} 11. Rad1
{[%clk 0:23:08]} Rd8 {[%clk 0:19:57]} 12. dxc5 bxc5 {[%clk 0:19:54]} 13. Na4
{[%clk 0:18:13]} Bxb2 {[%clk 0:17:52]} 14. Nxb2 {[%clk 0:18:17]} Ba6
{[%clk 0:15:21]} 15. Rfe1 {[%clk 0:17:36]} Bb5 {[%clk 0:10:41]} 16. Qc3
{[%clk 0:16:57]} O-O {[%clk 0:09:28]} 17. Nd3 {[%clk 0:16:33]} Bxd3
{[%clk 0:08:34]} 18. Rxd3 {[%clk 0:16:30]} Nd5 {[%clk 0:08:39]} 19. Qb2
{[%clk 0:16:07]} Ncb4 {[%clk 0:07:28]} 20. Rd2 {[%clk 0:15:55]} a5
{[%clk 0:06:02]} 21. Red1 {[%clk 0:15:51]} Qc7 {[%clk 0:04:57]} 22. c4
{[%clk 0:15:15]} Nb6 {[%clk 0:04:42]} 23. a3 {[%clk 0:14:58]} Nc6
{[%clk 0:04:07]} 24. Ng5 {[%clk 0:14:44]} h6 {[%clk 0:03:33]} 25. Ne4
{[%clk 0:14:44]} 1-0